Global consequences of sustainable development of agriculture
Aktuálnosť hľadania ciest k udržateľnému rozvoju potvrdzuje rozsiahly celosvetový program - Ekosystémové hodnotenie milénia, ktorého zámerom je zmapovať a následne monitorovať zdravie planéty. Príspevok je zameraný na rôzne aspekty nezastupiteľnej úlohy poľnohospodárstva vzhľadom k udržateľnému rozv...
Gespeichert in:
| 1. Verfasser: | |
|---|---|
| Format: | Buchkapitel |
| Sprache: | Englisch |
| Schlagworte: | |
| Tags: |
Keine Tags, Fügen Sie das erste Tag hinzu!
|
MARC
| LEADER | 00000naa$a2200000$$$4500 | ||
|---|---|---|---|
| 001 | 0027179 | ||
| 005 | 20231113141327.3 | ||
| 041 | 0 | |a eng | |
| 044 | |a CZ | ||
| 245 | 1 | 0 | |a Global consequences of sustainable development of agriculture |c Miroslav Svatoš |
| 520 | |a Aktuálnosť hľadania ciest k udržateľnému rozvoju potvrdzuje rozsiahly celosvetový program - Ekosystémové hodnotenie milénia, ktorého zámerom je zmapovať a následne monitorovať zdravie planéty. Príspevok je zameraný na rôzne aspekty nezastupiteľnej úlohy poľnohospodárstva vzhľadom k udržateľnému rozvoju na úrovni rozvojových a vyspelých krajín a na regionálnej a globálnej úrovni. | ||
| 610 | 2 | 0 | |a rozvoj trvalo udržateľný |
| 610 | 2 | 0 | |a poľnohospodárstvo |
| 610 | 2 | 0 | |a ekológia |
| 610 | 2 | 0 | |a výživa |
| 610 | 2 | 0 | |a kvalita života |
| 610 | 2 | 0 | |a krajiny rozvojové |
| 610 | 2 | 0 | |a krajiny vyspelé |
| 100 | 1 | |a Svatoš, Miroslav | |